Digital image processing (Record no. 23874)

000 -LEADER
fixed length control field 01978 a2200265 4500
003 - CONTROL NUMBER IDENTIFIER
control field Nust
005 - DATE AND TIME OF LATEST TRANSACTION
control field 20170515111956.0
008 - FIXED-LENGTH DATA ELEMENTS--GENERAL INFORMATION
fixed length control field 170317b xxu||||| |||| 00| 0 eng d
020 ## - INTERNATIONAL STANDARD BOOK NUMBER
International Standard Book Number 8178086298
040 ## - CATALOGING SOURCE
Original cataloging agency DLC
Language of cataloging DLC
Transcribing agency RCMS
082 ## - DEWEY DECIMAL CLASSIFICATION NUMBER
Classification number 621.367 GON
100 1# - MAIN ENTRY--PERSONAL NAME
Personal name Gonzalez, Rafael C.
9 (RLIN) 672
245 10 - TITLE STATEMENT
Title Digital image processing
Statement of responsibility, etc. Rafael C. Gonzalez, Paul Wintz.
250 ## - EDITION STATEMENT
Edition statement 2nd ed.
260 ## - PUBLICATION, DISTRIBUTION, ETC.
Place of publication, distribution, etc. Delhi :
Name of publisher, distributor, etc. Pearson Education,
Date of publication, distribution, etc. 2002.
300 ## - PHYSICAL DESCRIPTION
Extent xx, 793 p.
538 ## - SYSTEM DETAILS NOTE
Display text Shelf # 15, Row # 1, Communication.<br/>Shelf # 15, Row # 3, Communication.
650 #0 - SUBJECT ADDED ENTRY--TOPICAL TERM
Topical term or geographic name entry element Image processing
General subdivision Digital techniques.
9 (RLIN) 673
700 11 - ADDED ENTRY--PERSONAL NAME
Personal name Wintz, Paul A.
9 (RLIN) 674
856 ## - ELECTRONIC LOCATION AND ACCESS
Materials specified Table of Content Only
942 ## - ADDED ENTRY ELEMENTS (KOHA)
Koha item type Book
Call number prefix 621.367 GON
Source of classification or shelving scheme
Holdings
Withdrawn status Lost status Source of classification or shelving scheme Damaged status Not for loan Permanent Location Current Location Shelving location Date acquired Total Checkouts Full call number Barcode Checked out Date last seen Date last checked out Price effective from Koha item type
          NUST Baluchistan Campus (NBC) NUST Baluchistan Campus (NBC)   04/30/2014 1 621.367GON RCMS000437   04/28/2021 01/13/2020 04/30/2014 Book
          School of Interdisciplinary Engineering and Sciences (SINES) School of Interdisciplinary Engineering and Sciences (SINES) General Stacks 04/24/2014 2 621.367GON RCMS000140 08/20/2022 04/22/2022 04/22/2022 04/24/2014 Book
© 2023 Central Library, National University of Sciences and Technology. All Rights Reserved.